Keeping hospitals healthy (Record no. 75243)
[ view plain ]
| 000 -LEADER | |
|---|---|
| fixed length control field | 00727cab a2200181 4500 |
| 001 - CONTROL NUMBER | |
| control field | L129732 |
| 008 - FIXED-LENGTH DATA ELEMENTS--GENERAL INFORMATION | |
| fixed length control field | 050516n2005 000 0 eng u |
| 035 ## - SYSTEM CONTROL NUMBER | |
| System control number | (Sirsi) u129732 |
| 041 ## - LANGUAGE CODE | |
| Language code of text/sound track or separate title | eng |
| 110 ## - MAIN ENTRY--CORPORATE NAME | |
| Corporate name or jurisdiction name as entry element | Franklin and Andrews |
| 9 (RLIN) | 2518 |
| 245 ## - TITLE STATEMENT | |
| Title | Keeping hospitals healthy |
| 260 ## - PUBLICATION, DISTRIBUTION, ETC. | |
| Date of publication, distribution, etc. | 2005 |
| 490 ## - SERIES STATEMENT | |
| Series statement | QS Week |
| Volume/sequential designation | 27 April 2005, 14-15(2) |
| 520 ## - SUMMARY, ETC. | |
| Summary, etc. | Gives details of whole life costings for health facilities. Notes that general hospitals have a whole life cost of double that of other health buildings. With tables of percentage breakdowns for facilities, including health centres and nursing homes, and also a total cost analysis. |
| 590 ## - LOCAL NOTE (RLIN) | |
| Local note | IKA190505 |
| 690 ## - LOCAL SUBJECT ADDED ENTRY--TOPICAL TERM (OCLC, RLIN) | |
| Topical term or geographic name as entry element | BUILT ENVIRONMENT-BUILDING COSTS |
| 942 ## - ADDED ENTRY ELEMENTS (KOHA) | |
| Suppress in OPAC | 0 |
| Withdrawn status | Lost status | Source of classification or shelving scheme | Damaged status | Not for loan | Home library | Current library | Shelving location | Date acquired | Total Checkouts | Full call number | Barcode | Date last seen | Copy number | Price effective from | Koha item type |
|---|---|---|---|---|---|---|---|---|---|---|---|---|---|---|---|
| Dewey Decimal Classification | London | London | Journal article | 16/05/2005 | L129732 | 129732-1001 | 06/08/2019 | 1 | 06/08/2019 | Journal article |